000 00605nam a2200181Ia 4500
008 090124s9999 xx 000 0 und d
082 _b8472
100 _aभावे पुरुषोत्तम भास्कर
245 _a रांगोळी
250 _a1
260 _bनागपूर प्रकाशन
_c1976
300 _a184
600 _aभावे पुरुषोत्तम भास्कर
630 _a रांगोळी
700 _aभावे पुरुषोत्तम भास्कर
730 _a रांगोळी
942 _cBOOK
999 _c85660
_d85660